Cities of the Appian Way - Statistics

General Stats
  • This quiz has been taken 5 times
  • The average score is 8 of 23
Answers on the Map
Answers color-coded by a green-red scale on the quiz's map according to % correct below.
 
Answer Stats
Answer % Correct
Bari | Barium
100%
Rome | Roma
100%
Brindisi | Brundisium
75%
Ariccia | Aricia
50%
Benevento | Beneventum
50%
Canosa | Canusium
50%
Capua | Capua
50%
Fondi | Fundi
50%
Formia | Formiae
50%
Minturno | Minturnae
50%
Sessa Aurunca | Sinuessa
50%
Gravina | Silvium
25%
Mirabella Eclano | Aeclanum
25%
Ordona | Herdoniae
25%
Taranto | Tarentum
25%
Terracina | Tarracina
25%
Venosa | Venusia
25%
Arpaia | Caudium
0%
Bitonto | Butonti
0%
Egnazia | Egnatia
0%
Oria | Uria
0%
Polignano | Neapolis
0%
Troia | Aecae
0%
No matching quizzes found
Score Distribution
Percent of People with Each Score
Percentile by Number Answered
Your Score History
You have not taken this quiz